Did I hear you say yes? (Record no. 70179)

MARC details
000 -LEADER
fixed length control field 00993cam a2200229 4500
001 - CONTROL NUMBER
control field ABS65410
008 - FIXED-LENGTH DATA ELEMENTS--GENERAL INFORMATION
fixed length control field 020508n2002 000 0 eng u
035 ## - SYSTEM CONTROL NUMBER
System control number (Sirsi) u117852
100 ## - MAIN ENTRY--PERSONAL NAME
Personal name Riley, A
245 ## - TITLE STATEMENT
Title Did I hear you say yes?
260 ## - PUBLICATION, DISTRIBUTION, ETC.
Date of publication, distribution, etc. 2002
490 ## - SERIES STATEMENT
Series statement Property Week
Volume/sequential designation 67(15) 19 April 2002, 38-39(2)
520 ## - SUMMARY, ETC.
Summary, etc. Examines legal problem of validity of consent in cases where tenant is restricted from assigning lease, subletting, altering premises, or changing use of premises without consent of landlord. Issue analysed is whether consent given by correspondence or orally, in principle, is binding. Once consent is given, and acted on, it cannot be withdrawn.
590 ## - LOCAL NOTE (RLIN)
Local note ABS
650 ## - SUBJECT ADDED ENTRY--TOPICAL TERM
Topical term or geographic name entry element VENETIAN GLASS GALLERY LTD V NEXT PROPERTIES LTD
650 ## - SUBJECT ADDED ENTRY--TOPICAL TERM
Topical term or geographic name entry element MOUNT EDEN LAND V PRUDENTIAL ASSURANCE
650 ## - SUBJECT ADDED ENTRY--TOPICAL TERM
Topical term or geographic name entry element AUBERGINE ENTERPRISES LTD V LAKEWOOD INTERNATIONAL LTD
650 ## - SUBJECT ADDED ENTRY--TOPICAL TERM
Topical term or geographic name entry element CONSENT
650 ## - SUBJECT ADDED ENTRY--TOPICAL TERM
Topical term or geographic name entry element LEASES
690 ## - LOCAL SUBJECT ADDED ENTRY--TOPICAL TERM (OCLC, RLIN)
Topical term or geographic name as entry element LANDLORD AND TENANT-LEASES
942 ## - ADDED ENTRY ELEMENTS (KOHA)
Suppress in OPAC 0
Holdings
Withdrawn status Lost status Source of classification or shelving scheme Damaged status Not for loan Home library Current library Shelving location Date acquired Total Checkouts Full call number Barcode Date last seen Copy number Price effective from Koha item type
    Dewey Decimal Classification     London London Journal article 08/05/2002   ABS65410 117852-1001 06/08/2019 1 06/08/2019 Journal article